Auditoría energética de segundo nivel aplicado a los equipos de aire acondicionado y luminaria del hospital San Juan de Dios de Estelí en el primer trimestre del 2014
Presenta la auditoría energética llevada a cabo en el hospital San Juan de Dios en la ciudad de Estelí, consistió en el análisis de consumo de energía provocado por iluminación y aire acondicionado con objeto de plasmar los potenciales de ahorro y uso eficiente de la energía con el fin de r...
| Main Authors: | , |
|---|---|
| Other Authors: | |
| Format: | Tesis Section = Libro |
| Language: | Undetermined Spanish |
| Published: |
Managua
UNI
2014
|
| Subjects: |
| LEADER | 01292nam a2200277Ia 4500 | ||
|---|---|---|---|
| 008 | 240830s9999 xx 000 0 und d | ||
| 040 | |a BIBLIOTECA-RUPAP Mon 621.3 G643 | ||
| 041 | |a spa | ||
| 082 | |a Mon 621.3 G643 | ||
| 100 | 1 | |a González Aguilera, Alex Enrique | |
| 100 | 1 | |b Pérez Matute, Carlos Alfredo | |
| 245 | 1 | 0 | |a Auditoría energética de segundo nivel aplicado a los equipos de aire acondicionado y luminaria del hospital San Juan de Dios de Estelí en el primer trimestre del 2014 |
| 260 | |a Managua |b UNI |c 2014 | ||
| 300 | |a 63 p. :il. | ||
| 500 | |a Contiene: anexos. | ||
| 502 | |a Tesis (Ingeniero Mecánico)- UNI, 2014. | ||
| 520 | 3 | |a Presenta la auditoría energética llevada a cabo en el hospital San Juan de Dios en la ciudad de Estelí, consistió en el análisis de consumo de energía provocado por iluminación y aire acondicionado con objeto de plasmar los potenciales de ahorro y uso eficiente de la energía con el fin de reducir el consumo de esta. | |
| 650 | 7 | |a ENERGIA ELECTRICA | |
| 650 | 7 | |b AUDITORIA ENERGETICA | |
| 650 | 7 | |c ANALISIS DE CONSUMO DE ENERGIA | |
| 650 | 7 | |d AHORRO ENERGETICO | |
| 650 | 7 | |e CALEFACCION Y REFRIGERACION | |
| 700 | 1 | |a Tutor: |b Artola Chavarría, Lester Antonio | |
| 942 | |c BK |2 ddc | ||
| 991 | |a TESIS | ||
| 999 | |c 15719 | ||